| 000 | 00690nam a2200217 a 4500 | ||
|---|---|---|---|
| 005 | 20140310183453.0 | ||
| 008 | 090310s19uu xx 00 eng d | ||
| 020 | _a978-0-13-606968-3 | ||
| 050 |
_aHD 62.6 _b.B745 2009 |
||
| 100 | _aBrooks, Arthur | ||
| 245 |
_aSocial entrepreneurship : _ba modern approach to social venture creation./ _cArthur Brooks. |
||
| 250 | _aPearson International Edition. | ||
| 260 |
_aUpper Saddle River, New Jersey : _bPearson Education, _c2009. |
||
| 300 |
_a188 p. : _c23 cm. |
||
| 521 | _aBSBA | ||
| 650 | _aBSBA. | ||
| 650 | _aSocial entrepreneurship. | ||
| 650 |
_aNonprofit organizations _xManagement. |
||
| 942 |
_cBK _2lcc _kFOR |
||
| 999 |
_c23475 _d23475 |
||